000 00907nac a22002171u 4500
008 100517t xxu||||| |||| 00| 0 eng d
010 _a 98009671
020 _a8120322290
082 0 0 _a621.382
_bSCH
_222
100 _aSchweber, William L.
_914043
245 1 0 _aElectronic Communication Systems :
_bA Complete Course /
_cWilliam Schweber
250 _a4th ed.
260 _aNew Delhi:
_bPrentice Hall of India, 2002
_c2002
300 _a820 p. :
_bill. (some col.) ;
_c26 cm.
500 _aIncludes index.
650 0 _aTelecommunication.
_914044
650 0 _aTelecommunication systems.
_98976
942 _cBB
_k621.382SCH
_2ddc
999 _c14000
_d14000